000 00281nam a22001337a 4500
008 170411b xxu||||| |||| 00| 0 eng d
020 _a0314632492
041 _aeng
080 _22ND
_a612.39
100 _a9
101 _aSHM
245 _aNUTRITION
_cHAMILTON
942 _2udc
_cBK
999 _c10391
_d10391